Geography 2 letter chain #1 - Statistics

General Stats
  • This quiz has been taken 981 times
  • The average score is 15 of 32
Answer Stats
Hint Answer % Correct
Previous name for Myanmar Burma
97%
Canadian Province Manitoba
84%
Part of the UK Wales
61%
Waterfall Niagara
60%
City in Florida Orlando
58%
Continent Antarctica
55%
Country Eswatini
55%
Country Dominican republic
54%
American state Iowa
54%
City in Japan Osaka
54%
Country Iceland
52%
Canadian province Ontario
51%
Country Kazakhstan
50%
Capital Rabat
45%
City in Pakistan Lahore
44%
Caribbean island Hispaniola
41%
Country Laos
41%
Capital Ndjamena
41%
State capital Atlanta
40%
Capital Bamako
37%
Country Lebanon
37%
State capital Nashville
36%
Country Angola
34%
Country East timor
34%
Country Cape verde
33%
Peninsula Korea
33%
City in France Rennes
33%
Capital: New _____ Delhi
31%
Uk county Essex
31%
Country Taiwan
31%
Uk city Exeter
28%
Country Eritrea
27%
No matching quizzes found
Score Distribution
Percent of People with Each Score
Percentile by Number Answered
Your Score History
You have not taken this quiz